<?xml version="1.0" encoding="UTF-8"?>
<record
    xmlns:xsi="http://www.w3.org/2001/XMLSchema-instance"
    xsi:schemaLocation="http://www.loc.gov/MARC21/slim http://www.loc.gov/standards/marcxml/schema/MARC21slim.xsd"
    xmlns="http://www.loc.gov/MARC21/slim">

  <leader>00677nam a22002177a 4500</leader>
  <controlfield tag="003">BPGM</controlfield>
  <controlfield tag="008">260612m        mx o|||gr||||s000 u SPA d</controlfield>
  <datafield tag="040" ind1=" " ind2=" ">
    <subfield code="a">BPGM</subfield>
    <subfield code="b">spa</subfield>
  </datafield>
  <datafield tag="041" ind1=" " ind2=" ">
    <subfield code="a">SPA</subfield>
    <subfield code="h">SPA</subfield>
  </datafield>
  <datafield tag="082" ind1="0" ind2="4">
    <subfield code="2">CQ / 320.54 / E52</subfield>
    <subfield code="a">CQ / 320.54 / E52</subfield>
  </datafield>
  <datafield tag="245" ind1=" " ind2=" ">
    <subfield code="a">EN DEFENSA DE LA NACI&#xD3;N</subfield>
  </datafield>
  <datafield tag="250" ind1=" " ind2=" ">
    <subfield code="a">PRIMERA EDICI&#xD3;N</subfield>
    <subfield code="b">1997</subfield>
  </datafield>
  <datafield tag="260" ind1=" " ind2=" ">
    <subfield code="a">M&#xC9;XICO, QUER&#xC9;TARO</subfield>
    <subfield code="b">ACADEMIA MEXICANA DE HISTORIADORES Y CRONISTAS</subfield>
    <subfield code="c">1997</subfield>
  </datafield>
  <datafield tag="300" ind1=" " ind2=" ">
    <subfield code="a">231 P&#xC1;GINAS;</subfield>
    <subfield code="b">21.2 CM X 14.6 CM</subfield>
  </datafield>
  <datafield tag="336" ind1=" " ind2=" ">
    <subfield code="2">rdacontent</subfield>
    <subfield code="a">texto</subfield>
    <subfield code="b">txt</subfield>
  </datafield>
  <datafield tag="337" ind1=" " ind2=" ">
    <subfield code="2">rdamedia</subfield>
    <subfield code="a">sin mediaci&#xF3;n</subfield>
    <subfield code="b">n</subfield>
  </datafield>
  <datafield tag="338" ind1=" " ind2=" ">
    <subfield code="2">rdacarrier</subfield>
    <subfield code="a">volumen </subfield>
    <subfield code="b">nc</subfield>
  </datafield>
  <datafield tag="490" ind1="0" ind2=" ">
    <subfield code="a">SERIE LOS CONSTITUYENTES DE 1917</subfield>
  </datafield>
  <datafield tag="650" ind1=" " ind2=" ">
    <subfield code="a">POL&#xCD;TICA</subfield>
  </datafield>
  <datafield tag="942" ind1=" " ind2=" ">
    <subfield code="2">ddc</subfield>
    <subfield code="c">CONSULTA</subfield>
  </datafield>
  <datafield tag="952" ind1=" " ind2=" ">
    <subfield code="0">0</subfield>
    <subfield code="1">0</subfield>
    <subfield code="2">ddc</subfield>
    <subfield code="4">0</subfield>
    <subfield code="7">2</subfield>
    <subfield code="8">GENERAL</subfield>
    <subfield code="a">BPCEFC</subfield>
    <subfield code="b">BPCEFC</subfield>
    <subfield code="c">ACCESO "A" PLANTA ALTA</subfield>
    <subfield code="d">2026-06-12</subfield>
    <subfield code="e">DBG</subfield>
    <subfield code="l">0</subfield>
    <subfield code="o">CQ / 320.54 / E52</subfield>
    <subfield code="r">2026-06-12 20:00:30</subfield>
    <subfield code="t">EJ. 1</subfield>
    <subfield code="w">2026-06-12</subfield>
    <subfield code="y">CONSULTA</subfield>
  </datafield>
  <datafield tag="952" ind1=" " ind2=" ">
    <subfield code="0">0</subfield>
    <subfield code="1">0</subfield>
    <subfield code="2">ddc</subfield>
    <subfield code="4">0</subfield>
    <subfield code="7">0</subfield>
    <subfield code="8">GENERAL</subfield>
    <subfield code="a">BPCEFC</subfield>
    <subfield code="b">BPCEFC</subfield>
    <subfield code="c">ACCESO "A" PLANTA ALTA</subfield>
    <subfield code="d">2026-06-12</subfield>
    <subfield code="e">DBG</subfield>
    <subfield code="l">0</subfield>
    <subfield code="o">CQ / 320.54 / E52</subfield>
    <subfield code="r">2026-06-12 20:00:52</subfield>
    <subfield code="t">EJ. 2</subfield>
    <subfield code="w">2026-06-12</subfield>
    <subfield code="y">CONSULTA</subfield>
  </datafield>
  <datafield tag="952" ind1=" " ind2=" ">
    <subfield code="0">0</subfield>
    <subfield code="1">0</subfield>
    <subfield code="2">ddc</subfield>
    <subfield code="4">0</subfield>
    <subfield code="7">0</subfield>
    <subfield code="8">GENERAL</subfield>
    <subfield code="a">BPCEFC</subfield>
    <subfield code="b">BPCEFC</subfield>
    <subfield code="c">ACCESO "A" PLANTA ALTA</subfield>
    <subfield code="d">2026-06-12</subfield>
    <subfield code="e">DBG</subfield>
    <subfield code="l">0</subfield>
    <subfield code="o">CQ / 320.54 / E52</subfield>
    <subfield code="r">2026-06-12 20:01:00</subfield>
    <subfield code="t">EJ. 3</subfield>
    <subfield code="w">2026-06-12</subfield>
    <subfield code="y">CONSULTA</subfield>
  </datafield>
  <datafield tag="952" ind1=" " ind2=" ">
    <subfield code="0">0</subfield>
    <subfield code="1">0</subfield>
    <subfield code="2">ddc</subfield>
    <subfield code="4">0</subfield>
    <subfield code="7">0</subfield>
    <subfield code="8">GENERAL</subfield>
    <subfield code="a">BPCEFC</subfield>
    <subfield code="b">BPCEFC</subfield>
    <subfield code="c">ACCESO "A" PLANTA ALTA</subfield>
    <subfield code="d">2026-06-12</subfield>
    <subfield code="e">DBG</subfield>
    <subfield code="l">0</subfield>
    <subfield code="o">CQ / 320.54 / E52</subfield>
    <subfield code="r">2026-06-12 20:01:05</subfield>
    <subfield code="t">EJ. 4</subfield>
    <subfield code="w">2026-06-12</subfield>
    <subfield code="y">CONSULTA</subfield>
  </datafield>
  <datafield tag="952" ind1=" " ind2=" ">
    <subfield code="0">0</subfield>
    <subfield code="1">0</subfield>
    <subfield code="2">ddc</subfield>
    <subfield code="4">0</subfield>
    <subfield code="7">0</subfield>
    <subfield code="8">GENERAL</subfield>
    <subfield code="a">BPCEFC</subfield>
    <subfield code="b">BPCEFC</subfield>
    <subfield code="c">ACCESO "A" PLANTA ALTA</subfield>
    <subfield code="d">2026-06-12</subfield>
    <subfield code="e">DBG</subfield>
    <subfield code="l">0</subfield>
    <subfield code="o">CQ / 320.54 / E52</subfield>
    <subfield code="r">2026-06-12 20:01:14</subfield>
    <subfield code="t">EJ. 5</subfield>
    <subfield code="w">2026-06-12</subfield>
    <subfield code="y">CONSULTA</subfield>
  </datafield>
  <datafield tag="952" ind1=" " ind2=" ">
    <subfield code="0">0</subfield>
    <subfield code="1">0</subfield>
    <subfield code="2">ddc</subfield>
    <subfield code="4">0</subfield>
    <subfield code="7">0</subfield>
    <subfield code="8">GENERAL</subfield>
    <subfield code="a">BPCEFC</subfield>
    <subfield code="b">BPCEFC</subfield>
    <subfield code="c">ACCESO "A" PLANTA ALTA</subfield>
    <subfield code="d">2026-06-12</subfield>
    <subfield code="e">DBG</subfield>
    <subfield code="l">0</subfield>
    <subfield code="o">CQ / 320.54 / E52</subfield>
    <subfield code="r">2026-06-12 20:01:19</subfield>
    <subfield code="t">EJ. 6</subfield>
    <subfield code="w">2026-06-12</subfield>
    <subfield code="y">CONSULTA</subfield>
  </datafield>
  <datafield tag="999" ind1=" " ind2=" ">
    <subfield code="c">68604</subfield>
    <subfield code="d">68604</subfield>
  </datafield>
</record>
